01515nam a2200217 a 4500008004100000020001800041041000800059092001700067100002500084245004100109250004700150260003600197300001100233500007900244505072400323590003701047655002101084942001301105999001501118952016401133180524e2007 ag ||||g |||| 00| f spa d a9789502804460 aspa c808l32sHAR1 aHarris, Joanne93958 aZapatos de caramelo /cJoanne Harris a1a ed.bTraducción Margarita Cavándoli aBuenos Aires:bGrijalbo;c2007. a572 p. aHarris, J. (2007). Zapatos de caramelo. (1a ed.). Buenos Aires : Grijalbo. aCuatro años después de Chocolate, Yanne se ha instalado con sus hijas en una pequeña bombonería escondida en medio de Montmartre. Allí pretende vivir lejos de cualquier problema... y así es hasta que llega Zozie, que irrumpe en sus vidas como un huracán, con sus zapatos rojos y vestidos llamativos. Ayuda en la tienda, la pinta de arriba abajo, se convierte en la mejor amiga de todos.. o por lo menos eso es lo que parece. Zozie, tan despiadada como seductora, tiene sus propios planes: quiere apoderarse de la vida entera de Yanne que, para defender lo suyo, tendrá que renunciar a la discreción y luchar con todas sus armas contra una enemiga cuyos poderes son tan fuertes como los de ella misma.  aDONACION Victoria Lara mayo 2018 aLiteratura92917 2ddccLIT c2785d2785 00102ddc40708FICaBFMbBFMcCRd2018-05-24eDonacionl1o808 32 HARp4311r2024-09-25s2024-09-11tEj. 1w2018-05-24yLITzDONACION Victoria Lara mayo 2018